| 000 | 00653cam a22001817a 4500 | ||
|---|---|---|---|
| 008 | 180718b2009 xxu||||| |||| 00| 0 eng d | ||
| 020 | _a9781848556546 | ||
| 082 | _aK95 H252 | ||
| 100 | _aHartel , Charmine F.J. and Hartel, Neal M. and Zerbe, Wilfred J. | ||
| 245 |
_aEmotions in groups , organizations and cultures _cedited by Charmine F.J. Hartel , Neal M. Hartel and Wilfred J. Zerbe |
||
| 260 |
_aIndia _bEmerald _c2009 |
||
| 300 | _a332p. | ||
| 650 | _aCultures | ||
| 650 | _aEMONET | ||
| 650 | _aDecision making -- Moral and ethical aspects -- Congresses | ||
| 650 | _aEmotions -- Congresses | ||
| 650 | _aPsychology, Industrial -- Congresses | ||
| 999 |
_c445547 _d445547 |
||